Zufällige Staaten von Österreich - Statistiken

Allgemein
  • Dieses Quiz wurde 84 mal gespielt
  • Das Durchschnittsergebnis liegt bei 5 aus 5
Antworten auf der Karte
Die Antworten werden auf der Karte rot bzw. grün angezeigt, abhängig davon wie oft sie richtig erraten wurden.
 
Antwortstatistiken
Staaten % Korrekt
Tirol
100%
Vorarlberg
100%
Wien
100%
Niederösterreich
92%
Oberösterreich
92%
Salzburg
88%
Burgenland
77%
Kärnten
75%
Steiermark
71%
Keine übereinstimmenden Quizze gefunden
Verteilung der Resultate
Anzahl Personen mit jedem Resultat
Perzentil nach korrekt beantworteten Fragen
Ihre Resultats-Entwicklung
Sie haben dieses Quiz noch nicht gespielt